| 000 | 00655nam a2200217Ia 4500 | ||
|---|---|---|---|
| 005 | 20220920143459.0 | ||
| 008 | 210716s2007 xx 000 0 und d | ||
| 020 | _a9789380853683 | ||
| 040 | _cAIMIT LIBRARY | ||
| 041 | _aeng | ||
| 082 |
_a621.3822 _21 _bWEEM |
||
| 100 |
_aWeeks, Michael. _958019 |
||
| 245 |
_aDigital signal processing : _busing matlab and wavelets / _cBy Michael Weeks. |
||
| 250 | _a2nd ed. | ||
| 260 |
_aBangalore : _bFirewall media , _c2007. |
||
| 300 |
_axix, 492p. ; _c23.5 cm. |
||
| 650 |
_aSinusoids _958020 |
||
| 650 |
_aThe fourier tansform _958021 |
||
| 650 |
_aSamoling _958022 |
||
| 942 |
_2ddc _cBK _e2nd _k621.3822 WEEM |
||
| 999 |
_c194659 _d194659 |
||